ՀՀ Գիտությունների ազգային ակադեմիայի հիմնարար գիտական գրադարան  =   Fundamental Scientific Library of NAS RA

Վերադարձ ։ (Record no. 541023)

MARC details
000 -LEADER
fixed length control field 01013nam a22002297a 4500
001 - CONTROL NUMBER
control field 1934587
003 - CONTROL NUMBER IDENTIFIER
control field AM-YEHGA
005 - DATE AND TIME OF LATEST TRANSACTION
control field 20260331144501.0
008 - FIXED-LENGTH DATA ELEMENTS--GENERAL INFORMATION
fixed length control field 231212s2023 ai o|||gr|||||00||||arm|d
020 ## - INTERNATIONAL STANDARD BOOK NUMBER
International Standard Book Number 978-9939-0-4444-6
040 ## - CATALOGING SOURCE
Original cataloging agency AM-YEHGA
041 0# - LANGUAGE CODE
Language code of text/sound track or separate title arm
100 1# - MAIN ENTRY--PERSONAL NAME
Personal name Ալեքսանյան, Վառլեն Գուրգենի,
Dates associated with a name 1942-2015
9 (RLIN) 80
245 10 - TITLE STATEMENT
Title Վերադարձ ։
Remainder of title Ընտրանի /
Statement of responsibility, etc. Վ.Գ. Ալեքսանյան ; [Կազմող՝ Լ. Ալեքսանյան ; Խմբագիր՝ Դ. Մկր Սարգսյան ; Սրբագրիչ՝ Հ. Գասպարյան].
260 ## - PUBLICATION, DISTRIBUTION, ETC.
Place of publication, distribution, etc. Երևան :
Name of publisher, distributor, etc. Հեղինակային հրատարակություն,
Date of publication, distribution, etc. 2023.
Manufacturer «Հարապետ» տպ.
300 ## - PHYSICAL DESCRIPTION
Extent 439 էջ ։
Other physical details լուսանկար ;
Dimensions 22 սմ.
650 14 - SUBJECT ADDED ENTRY--TOPICAL TERM
Topical term or geographic name entry element Հայ պոեզիա
700 1# - ADDED ENTRY--PERSONAL NAME
Personal name Ալեքսանյան, Լիլիթ
Relator term կազմող
Relationship com
700 1# - ADDED ENTRY--PERSONAL NAME
Personal name Սարգսյան,Դավիթ Մկր
Relator term խմբագիր
Relationship edt
700 1# - ADDED ENTRY--PERSONAL NAME
Personal name Գասպարյան, Հասմիկ
Relator term սրբագրիչ
Relationship crr
942 ## - ADDED ENTRY ELEMENTS (KOHA)
Source of classification or shelving scheme Universal Decimal Classification
Koha item type Գրքեր / Books
Holdings
Withdrawn status Lost status Source of classification or shelving scheme Damaged status Not for loan Collection Home library Current library Date acquired Total checkouts Full call number Barcode Date last seen Price effective from Koha item type Public note
    Universal Decimal Classification     General Fundamental Scientific Library Fundamental Scientific Library 25/12/2025   AII/114113 FL0701876 25/12/2025 25/12/2025 Գրքեր / Books 30 Days Loan
    Universal Decimal Classification     General Fundamental Scientific Library Fundamental Scientific Library 25/12/2025   AII/114114 FL0701875 25/12/2025 25/12/2025 Գրքեր / Books 30 Days Loan


ՀՀ ԳԱԱ հիմնարար գիտական գրադարան
ՀՀ,Երևան 0019
Մարշալ Բաղրամյան 24/6
հեռախոս:(374-10) 52-47-50
Հետադարձ կապ

All site content, except where otherwise noted, is licensed under a
Creative Commons License